Quick & easy medical terminology / (Record no. 362253)
[ view plain ]
| 000 -LEADER | |
|---|---|
| fixed length control field | 00489nam a2200157Ia 4500 |
| 008 - FIXED-LENGTH DATA ELEMENTS--GENERAL INFORMATION | |
| fixed length control field | 191017s9999 xx 000 0 und d |
| 020 ## - INTERNATIONAL STANDARD BOOK NUMBER | |
| International Standard Book Number | 9780323595995 |
| 100 ## - MAIN ENTRY--PERSONAL NAME | |
| Personal name | Leonard, Peggy C. |
| 245 ## - TITLE STATEMENT | |
| Statement of responsibility, etc | Peggy C. Leonard.-- |
| Title | Quick & easy medical terminology / |
| 250 ## - EDITION STATEMENT | |
| Edition statement | 10th ed. |
| 260 ## - PUBLICATION, DISTRIBUTION, ETC. (IMPRINT) | |
| Place of publication, distribution, etc | St. Louis, Missouri : |
| Name of publisher, distributor, etc | Elseiver, |
| Date of publication, distribution, etc | 2020. |
| 300 ## - PHYSICAL DESCRIPTION | |
| Extent | xii, 443 pages: |
| Other physical details | color illustrations ; |
| Dimensions | 24 cm |
| 500 ## - GENERAL NOTE | |
| General note | Includes index. |
| 650 ## - SUBJECT ADDED ENTRY--TOPICAL TERM | |
| Topical term or geographic name as entry element | Medicine -- Terminology. |
| 650 ## - SUBJECT ADDED ENTRY--TOPICAL TERM | |
| Topical term or geographic name as entry element | Medicine. |
| Withdrawn status | Lost status | Damaged status | Home library | Current library | Shelving location | Date acquired | Source of acquisition | Total Checkouts | Full call number | Barcode | Date last seen | Price effective from | Koha item type |
|---|---|---|---|---|---|---|---|---|---|---|---|---|---|
| South SEED-LPDH College Library | South SEED-LPDH College Library | South SEED-LPDH College Section | 10/17/2019 | Library Fund | R 123 .L581 2020 | SSLC1873 | 10/17/2019 | 10/17/2019 | Books |